Name All The Modern Family Members - Statistics

General Stats
  • This quiz has been taken 128 times
  • The average score is 13 of 16
Answer Stats
Answer % Correct
Alex
97%
Mitchell
97%
Phil
97%
Cam
96%
Jay
96%
Luke
96%
Claire
95%
Gloria
95%
Manny
95%
Lily
94%
Joe
93%
Dylan
65%
DeDe
63%
Hayley
57%
Pam
17%
Cal
10%
No matching quizzes found
Score Distribution
Percent of People with Each Score
Percentile by Number Answered
Your Score History
You have not taken this quiz